Statistics for Creators of the most disliked youtube videos

Click here to take the quiz!

General Stats

  • This quiz has been taken 4 times
  • The average score is 20 of 36

Answer Stats

#Creator/Artist% Correct
2YouTube Spotlight
100%
1Jake Paul
100%
1PewDiePie
100%
1Luis Fonsi
100%
1Lil Pump
100%
2Justin Bieber
100%
2Miley Cyrus
100%
1Nicki Minaj
100%
1Katy Perry
100%
1Logan Paul
100%
1Psy
100%
1Ed Sheeran
75%
1Taylor Swift
75%
1Jacob Sartorius
50%
1Machine Gun Kelly
50%
1BibisBeautyPalace
50%
1Rebecca Black
50%
1Call of Duty
50%
1ChuChu TV
25%
1Kenia Os
25%
1Sony Pictures Entertainment
25%
1Nego do Borel
25%
1CVS 3D Rhymes
25%
1Ryan ToysReview
25%
2RiceGum
25%
1LittleBabyBum
25%
1Dilma Resistente
25%
1Cocomelon Nursery Rhymes
25%
1Gillette
25%
1El Chombo
25%
1Mishovy šílenosti
25%
1LooLoo Kids
25%
1Pinkfong Kids' Songs & Stories
25%
1Get Movies
25%
1Aruan Felix
25%
1Crazy Frog
25%

Score Distribution

Percentile by Number Answered

Percent of People with Each Score

Your Score History

You have not taken this quiz